Filosofia del derecho y estudios de filosofía del derecho / (Registro nro. 35781)
[ vista simple ]
| 000 -CABECERA | |
|---|---|
| campo de control de longitud fija | 00814nam a2200205 a 4500 |
| 001 - NÚMERO DE CONTROL | |
| campo de control | 000036290 |
| 005 - FECHA Y HORA DE LA ÚLTIMA TRANSACCIÓN | |
| campo de control | 20200930075641.0 |
| 008 - DATOS DE LONGITUD FIJA--INFORMACIÓN GENERAL | |
| campo de control de longitud fija | 120112s1946 mx 001 0 spa d |
| 040 ## - FUENTE DE LA CATALOGACIÓN | |
| Centro catalogador/agencia de origen | DO-SdBNP |
| Lengua de catalogación | spa |
| Centro/agencia transcriptor | BNPHU |
| 082 ## - NÚMERO DE LA CLASIFICACIÓN DECIMAL DEWEY | |
| Número de clasificación | xxxx |
| Número de documento/Ítem | V398f, 1946 |
| 100 1# - ENTRADA PRINCIPAL--NOMBRE DE PERSONA | |
| Nombre de persona | Vecchio, Giogio del |
| 9 (RLIN) | 62415 |
| 245 10 - MENCIÓN DE TÍTULO | |
| Título | Filosofia del derecho y estudios de filosofía del derecho / |
| Mención de responsabilidad, etc. | Giogio del Vecchio, Luis Recasens Siches. |
| 250 ## - MENCIÓN DE EDICIÓN | |
| Mención de edición | 3a ed. aum. |
| 260 ## - PUBLICACIÓN, DISTRIBUCIÓN, ETC. | |
| Lugar de publicación, distribución, etc. | México : |
| Nombre del editor, distribuidor, etc. | Union Tipografia Editorial Hispano-America, |
| Fecha de publicación, distribución, etc. | 1946. |
| 300 ## - DESCRIPCIÓN FÍSICA | |
| Extensión | v. ; |
| Dimensiones | 22 cm. |
| 500 ## - NOTA GENERAL | |
| Nota general | La biblioteca posee el v. 2 |
| 500 ## - NOTA GENERAL | |
| Nota general | Incluye notas y referencias bibliográficas al pie las páginas e índice |
| 505 ## - NOTA DE CONTENIDO CON FORMATO | |
| Información miscelánea | v. 2 |
| Título | Parte histórica con exrenso apédice sobre el pensamiento en hispano-América |
| 700 12 - PUNTO DE ACCESO ADICIONAL--NOMBRE DE PERSONA | |
| Nombre de persona | Recasens Siches, Luis, |
| Término indicativo de función/relación | tr. |
| 9 (RLIN) | 62416 |
| Estado de retiro | Estado de pérdida | Restricciones de uso | No para préstamo | Código de colección | Localización permanente | Ubicación/localización actual | Ubicación en estantería | Fecha de adquisición | Número de inventario | Total de préstamos | Signatura topográfica completa | Código de barras | Fecha visto por última vez | Precio válido a partir de | Tipo de ítem Koha |
|---|---|---|---|---|---|---|---|---|---|---|---|---|---|---|---|
| Excluido de préstamo | Monografías: Libros y Folletos | General | General | En catalogación | 12.01.2012 | LF1 | v. 2 | 36291-10 | 25.06.2020 | 25.06.2020 | No se presta | ||||
| Excluido de préstamo | Monografías: Libros y Folletos | General | General | En catalogación | 12.01.2012 | LF1 | xxxx V398f, 1946 | 36292-10 | 25.06.2020 | 25.06.2020 | No se presta |
